000 00414nam a2200181Ia 4500
001 7489
005 20260306160459.0
008 260306t2017||||xx |||||||||||||| ||spa||
041 _aESP
082 _a339
_bK84 2017
100 _aKrugman, Paul
_eAUT
245 0 _aMacroeconomía
260 _c2017
300 _avarias paginaciones : :
_c28 cm.
650 _aGEN
654 _aCAN
942 _cLIB
_dJUS
_fJUS
_2ddc
_n
999 _c7489
_d7489